Convert the fraction into Decimal: 3/? - Statistics

General Stats
  • This quiz has been taken 24 times
  • The average score is 9 of 10
Answer Stats
Hint Answer % Correct
3/6 0.50
100%
3/5 0.60
100%
3/4 0.75
100%
3/3 1.00
100%
3/2 1.50
100%
3/1 3.00
100%
3/10 0.30
88%
3/9 0.33...
88%
3/8 0.37
82%
3/7 0.42...
82%
No matching quizzes found
Score Distribution
Percent of People with Each Score
Percentile by Number Answered
Your Score History
You have not taken this quiz